000 00286nam a22001337a 4500
008 181015b xxu||||| |||| 00| 0 eng d
020 _a9780071543521
041 _aeng
080 _a510
100 _a36
101 _aMAT
245 _aLinear Algebra
_cLipschutz, S
942 _2udc
_cBK
999 _c49748
_d49748